[Event "EYCC 2024 - G18"]
[Site "?"]
[Date "2024.08.24"]
[Round "3.11"]
[White "Barwinska, Ewa"]
[Black "Diasamidze, Lulu"]
[Result "1/2-1/2"]
[BlackElo "1905"]
[WhiteElo "2035"]
[LiveChessVersion "1.4.8"]

1. e4 {[%clk 1:30:58]} c5 {[%clk 1:30:49]} 2. Nf3 {[%clk 1:31:24]} e6
{[%clk 1:31:13]} 3. d4 {[%clk 1:31:49]} cxd4 {[%clk 1:31:38]} 4. Nxd4
{[%clk 1:32:16]} Nc6 {[%clk 1:32:01]} 5. Nc3 {[%clk 1:32:42]} Qc7
{[%clk 1:32:27]} 6. Be2 {[%clk 1:32:46]} Nf6 {[%clk 1:31:57]} 7. Be3
{[%clk 1:31:50]} Be7 {[%clk 1:28:24]} 8. O-O {[%clk 1:31:59]} O-O
{[%clk 1:28:41]} 9. f4 {[%clk 1:29:40]} d6 {[%clk 1:29:03]} 10. Qe1
{[%clk 1:25:05]} Nxd4 {[%clk 1:14:12]} 11. Bxd4 {[%clk 1:25:00]} d5
{[%clk 1:14:09]} 12. exd5 {[%clk 1:13:53]} Bc5 {[%clk 1:11:14]} 13. Qf2
{[%clk 1:09:57]} Bxd4 {[%clk 1:11:29]} 14. Qxd4 {[%clk 1:10:25]} exd5
{[%clk 1:08:47]} 15. Bd3 {[%clk 1:06:33]} a6 {[%clk 0:56:02]} 16. Rae1
{[%clk 1:01:32]} Rd8 {[%clk 0:50:28]} 17. Nxd5 {[%clk 0:55:16]} Nxd5
{[%clk 0:50:26]} 18. Qxd5 {[%clk 0:54:51]} Be6 {[%clk 0:50:25]} 19. Qh5
{[%clk 0:45:58]} g6 {[%clk 0:50:26]} 20. Qh6 {[%clk 0:44:59]} Rd5
{[%clk 0:44:45]} 21. Qh4 {[%clk 0:38:29]} Bf5 {[%clk 0:42:11]} 22. Bxf5
{[%clk 0:37:27]} Rxf5 {[%clk 0:42:33]} 23. Qf2 {[%clk 0:35:50]} Rd8
{[%clk 0:38:09]} 24. c3 {[%clk 0:34:32]} Rfd5 {[%clk 0:37:23]} 25. Re2
{[%clk 0:32:38]} Qc4 {[%clk 0:36:47]} 26. a3 {[%clk 0:29:47]} Qb3
{[%clk 0:35:47]} 27. Rfe1 {[%clk 0:28:52]} R8d6 {[%clk 0:31:03]} 28. Qh4
{[%clk 0:25:10]} Kg7 {[%clk 0:22:05]} 29. Qe7 {[%clk 0:19:26]} Qb5
{[%clk 0:17:07]} 30. h3 {[%clk 0:17:07]} Rd7 {[%clk 0:15:42]} 31. Qb4
{[%clk 0:16:47]} Qxb4 {[%clk 0:12:35]} 32. axb4 {[%clk 0:17:10]} Kf6
{[%clk 0:12:41]} 33. Kf2 {[%clk 0:16:48]} h5 {[%clk 0:11:47]} 34. g4
{[%clk 0:13:00]} Rd2 {[%clk 0:10:00]} 35. Rxd2 {[%clk 0:10:36]} Rxd2+
{[%clk 0:10:28]} 36. Re2 {[%clk 0:10:46]} Rd3 {[%clk 0:10:21]} 37. Kg2
{[%clk 0:11:06]} h4 {[%clk 0:10:31]} 38. Rf2 {[%clk 0:10:01]} Rd5
{[%clk 0:07:50]} 39. Kh2 {[%clk 0:07:21]} Ke6 {[%clk 0:07:21]} 40. Rc2
{[%clk 0:04:56]} Rd3 {[%clk 0:07:38]} 41. Re2+ {[%clk 0:04:50]} Kf6
{[%clk 0:07:58]} 42. Rf2 {[%clk 0:05:10]} Rd5 {[%clk 0:08:19]} 43. Kg2
{[%clk 0:04:36]} Ke6 {[%clk 0:08:38]} 44. Re2+ {[%clk 0:04:45]} Kd6
{[%clk 0:07:46]} 45. Kf3 {[%clk 0:04:42]} Rd3+ {[%clk 0:07:48]} 46. Re3
{[%clk 0:05:00]} Rd2 {[%clk 0:07:46]} 47. b3 {[%clk 0:05:09]} b5 {[%clk 0:06:01]}
48. c4 {[%clk 0:02:50]} bxc4 {[%clk 0:05:59]} 49. bxc4 {[%clk 0:03:14]} Rb2
{[%clk 0:05:14]} 50. Ra3 {[%clk 0:02:54]} Rxb4 {[%clk 0:05:35]} 51. Rxa6+
{[%clk 0:03:18]} Ke7 {[%clk 0:05:48]} 52. g5 {[%clk 0:01:11]} Rxc4
{[%clk 0:06:10]} 53. Kg4 {[%clk 0:01:25]} Rb4 {[%clk 0:06:17]} 54. Rf6
{[%clk 0:01:45]} Rb3 {[%clk 0:05:58]} 55. Kxh4 {[%clk 0:02:09]} Kf8
{[%clk 0:06:10]} 56. Kg4 {[%clk 0:01:46]} Kg7 {[%clk 0:06:35]} 57. Rd6
{[%clk 0:01:50]} Rb1 {[%clk 0:06:57]} 58. Rd3 {[%clk 0:01:59]} Rg1+
{[%clk 0:07:14]} 59. Rg3 {[%clk 0:02:21]} Ra1 {[%clk 0:07:28]} 60. h4
{[%clk 0:01:56]} Ra4 {[%clk 0:07:45]} 61. Rf3 {[%clk 0:02:07]} Ra1
{[%clk 0:06:20]} 62. f5 {[%clk 0:01:53]} Rg1+ {[%clk 0:05:44]} 63. Kf4
{[%clk 0:02:00]} gxf5 {[%clk 0:06:04]} 64. Kxf5 {[%clk 0:02:18]} Rh1
{[%clk 0:05:49]} 65. Rf4 {[%clk 0:01:24]} Rh2 {[%clk 0:06:02]} 66. Kg4
{[%clk 0:01:30]} Rg2+ {[%clk 0:06:23]} 67. Kh3 {[%clk 0:01:48]} Rg1
{[%clk 0:06:45]} 68. Kh2 {[%clk 0:01:38]} Ra1 {[%clk 0:06:56]} 69. Kg3
{[%clk 0:01:21]} Rg1+ {[%clk 0:07:20]} 70. Kf3 {[%clk 0:01:43]} Kg6
{[%clk 0:07:17]} 71. Rf6+ {[%clk 0:01:48]} Kg7 {[%clk 0:07:44]} 72. Rd6
{[%clk 0:01:45]} Rh1 {[%clk 0:08:08]} 73. Kg4 {[%clk 0:01:55]} Rg1+
{[%clk 0:08:25]} 74. Kh3 {[%clk 0:01:30]} Rh1+ {[%clk 0:08:51]} 75. Kg3
{[%clk 0:01:57]} Rg1+ {[%clk 0:09:16]} 76. Kh2 Rg4 {[%clk 0:09:37]} 77. Kh3
{[%clk 0:02:47]} Rg1 {[%clk 0:10:02]} 78. Rd3 {[%clk 0:02:44]} Kg6
{[%clk 0:09:55]} 79. Rf3 {[%clk 0:02:34]} Rh1+ {[%clk 0:10:04]} 80. Kg4
{[%clk 0:01:37]} Rg1+ {[%clk 0:10:04]} 81. Kh3 {[%clk 0:01:41]} Ra1
{[%clk 0:09:59]} 82. Rf6+ {[%clk 0:01:42]} Kg7 {[%clk 0:10:24]} 83. Kg4
{[%clk 0:01:35]} Rg1+ {[%clk 0:10:47]} 84. Kh5 {[%clk 0:02:02]} Ra1
{[%clk 0:11:00]} 85. Rb6 {[%clk 0:02:17]} Ra4 {[%clk 0:11:17]} 86. Rb7
{[%clk 0:02:18]} Rc4 {[%clk 0:11:29]} 87. Rb1 {[%clk 0:02:36]} Ra4
{[%clk 0:11:53]} 88. Rg1 {[%clk 0:02:58]} Rb4 {[%clk 0:12:06]} 89. Rg4
{[%clk 0:03:08]} Rb5 {[%clk 0:12:16]} 90. Rf4 {[%clk 0:03:26]} Rb1
{[%clk 0:12:30]} 91. Kg4 {[%clk 0:03:37]} Rg1+ {[%clk 0:12:57]} 92. Kf5
{[%clk 0:04:00]} Rh1 {[%clk 0:13:14]} 1/2-1/2

[Event "EYCC 2024 - G18"]
[Site "?"]
[Date "2024.08.24"]
[Round "3.12"]
[White "Skarbarchuk, Tetyana"]
[Black "Striskova, Lucia"]
[Result "1/2-1/2"]
[BlackElo "1937"]
[WhiteElo "2037"]
[LiveChessVersion "1.4.8"]

1. d4 {[%clk 1:30:56]} Nf6 {[%clk 1:30:37]} 2. c4 {[%clk 1:31:03]} e6
{[%clk 1:30:53]} 3. Nf3 {[%clk 1:31:01]} Bb4+ {[%clk 1:30:38]} 4. Bd2
{[%clk 1:29:41]} Qe7 {[%clk 1:30:53]} 5. e3 {[%clk 1:28:38]} b6 {[%clk 1:30:59]}
6. Bd3 {[%clk 1:25:52]} Bxd2+ {[%clk 1:30:28]} 7. Nfxd2 {[%clk 1:23:10]} Bb7
{[%clk 1:27:05]} 8. O-O {[%clk 1:23:05]} O-O {[%clk 1:27:10]} 9. Nc3
{[%clk 1:22:12]} d5 {[%clk 1:24:28]} 10. cxd5 {[%clk 1:11:30]} exd5
{[%clk 1:24:38]} 11. Rc1 {[%clk 1:08:27]} c5 {[%clk 1:22:01]} 12. Re1
{[%clk 1:03:36]} Nbd7 {[%clk 1:17:02]} 13. e4 {[%clk 0:59:55]} cxd4
{[%clk 1:08:10]} 14. Nxd5 {[%clk 0:58:01]} Nxd5 {[%clk 1:05:31]} 15. exd5
{[%clk 0:58:22]} Qd8 {[%clk 0:59:20]} 16. Re4 {[%clk 0:33:01]} Qf6
{[%clk 0:45:17]} 17. Nf1 {[%clk 0:19:55]} Bxd5 {[%clk 0:34:22]} 18. Rxd4
{[%clk 0:20:17]} Be6 {[%clk 0:34:34]} 19. Bb1 {[%clk 0:14:45]} Rad8
{[%clk 0:31:07]} 20. Qd3 {[%clk 0:12:02]} g6 {[%clk 0:31:20]} 21. Rd1
{[%clk 0:10:39]} Ne5 {[%clk 0:29:37]} 22. Qe4 {[%clk 0:10:18]} Ng4
{[%clk 0:21:30]} 23. Rxd8 {[%clk 0:07:53]} Rxd8 {[%clk 0:21:54]} 24. Rxd8+
{[%clk 0:08:17]} Qxd8 {[%clk 0:22:17]} 25. Qe2 {[%clk 0:07:06]} 1/2-1/2